书目信息 |
| 题名: |
常见急腹症
|
|
| 作者: | ;青岛市台西医院 编著 | |
| 分册: | ||
| 出版信息: | 济南 山东人民出版社 1973 |
|
| 页数: | 317页 | |
| 开本: | 19cm | |
| 丛书名: | ||
| 单 册: | ||
| 中图分类: | R656.1 | |
| 科图分类: | ||
| 主题词: | 急腹症 , 外科学--各论 | |
| 电子资源: | ||
| ISBN: | ||
| 000 | 00633nam0 2200241 45 981 | |
| 001 | 0629822010 | |
| 005 | 20060809081751.90 | |
| 010 | @dCNY0.71 | |
| 091 | @a14099.28 | |
| 100 | @a19960419d1973 emky0chiy0121 ea | |
| 101 | 0 | @achi |
| 102 | @aCN@b370000 | |
| 105 | @afa z 000yy | |
| 106 | @ar | |
| 200 | 10 | @a常见急腹症@f青岛市台西医院编著@Achang jian ji fu zheng |
| 210 | @a济南@c山东人民出版社@d1973 | |
| 215 | @a317页@c图,表@d19cm | |
| 606 | @a急腹症 | |
| 606 | 0 | @a外科学@x各论 |
| 690 | @aR656.1@v3 | |
| 711 | 02 | @a青岛市台西医院@4编著@Aqing dao shi tai xi yi yuan |
| 801 | 0 | @c20060809 |
| 905 | @a10447@dR656.1@e28 | |
| 常见急腹症/青岛市台西医院编著.-济南:山东人民出版社,1973 |
| 317页:图,表;19cm |
| ISBN :CNY0.71 |
| ● |
| 相关链接 |
|
|
|
|
正题名:常见急腹症
索取号:R656.1/28
 
预约/预借
| 序号 | 登录号 | 条形码 | 馆藏地/架位号 | 状态 | 备注 |
| 1 | 0451802 | 204518021 | 密集书库/ [索取号:R656.1/28] | 在馆 |